| 000 | 00400nam a22001577a 4500 | ||
|---|---|---|---|
| 003 | OSt | ||
| 008 | 250116b |||||||| |||| 00| 0 eng d | ||
| 041 | _aeng | ||
| 082 |
_a631.45 _bSCH/EL |
||
| 100 |
_aSchwab, Glenmo _96945 |
||
| 245 | _aElementary Soil and Water Engineering | ||
| 250 | _a3rd | ||
| 260 |
_aNew York: _bJohn Welly & Sons, _c1985. |
||
| 700 |
_aFrevert, Richard K _96946 |
||
| 942 | _cBK | ||
| 999 |
_c19035 _d19035 |
||